Catálogo

Desde los ojos de un fantasma / (Registro nro. 42609)

Detalles MARC
000 -LEADER
fixed length control field 01382cam a2200397 i 4500
001 - CONTROL NUMBER
control field 42609
003 - CONTROL NUMBER IDENTIFIER
control field Mx-PuUPA
005 - DATE AND TIME OF LATEST TRANSACTION
control field 20260421140232.0
008 - FIXED-LENGTH DATA ELEMENTS--GENERAL INFORMATION
fixed length control field 140415s2012 mx dr 000 f spa d
020 ## - INTERNATIONAL STANDARD BOOK NUMBER
International Standard Book Number 9786072405592
020 ## - INTERNATIONAL STANDARD BOOK NUMBER
International Standard Book Number 9789687791760
Qualifying information de la colección El Barco de Vapor
040 ## - CATALOGING SOURCE
Original cataloging agency Mx-PuUPA
Language of cataloging spa
Transcribing agency Mx-PuUPA
Modifying agency Mx-PuUPA
Description conventions rda
041 0# - LANGUAGE CODE
Language code of text/sound track or separate title spa
043 ## - GEOGRAPHIC AREA CODE
Geographic area code e-po---
100 1# - MAIN ENTRY--PERSONAL NAME
Personal name Quezadas, Juan Carlos,
Dates associated with a name 1970-
9 (RLIN) 13423
Relator term autor
245 10 - TITLE STATEMENT
Title Desde los ojos de un fantasma /
Statement of responsibility, etc. Juan Carlos Quezadas
250 ## - EDITION STATEMENT
Edition statement Primera edición
264 #1 - PRODUCTION, PUBLICATION, DISTRIBUTION, MANUFACTURE, AND COPYRIGHT NOTICE
Place of production, publication, distribution, manufacture México, D. F. :
Name of producer, publisher, distributor, manufacturer SM de Ediciones,
Date of production, publication, distribution, manufacture, or copyright notice 2012
300 ## - PHYSICAL DESCRIPTION
Extent 261 páginas ;
Dimensions 19 cm
336 ## - CONTENT TYPE
Fuente rdacontent
Content type term texto
Content type code txt
337 ## - MEDIA TYPE
Source rdamedia
Media type term sin medio
Media type code n
338 ## - CARRIER TYPE
Source rdacarrier
Carrier type term volumen
Carrier type code nc
490 1# - SERIES STATEMENT
Series statement El barco de vapor. Roja ;
Volume/sequential designation 54 M
500 ## - GENERAL NOTE
General note "Premio El Barco de Vapor 2012". -- Portada
500 ## - GENERAL NOTE
General note Reimpresiones: (Primera, 2013).
521 1# - TARGET AUDIENCE NOTE
Target audience note A partir de 12 años.
650 #7 - SUBJECT ADDED ENTRY--TOPICAL TERM
Source of heading or term armarc
Topical term or geographic name entry element Literatura mexicana
650 #7 - SUBJECT ADDED ENTRY--TOPICAL TERM
Source of heading or term armarc
Topical term or geographic name entry element Melancolía
General subdivision Literatura fantástica
650 #7 - SUBJECT ADDED ENTRY--TOPICAL TERM
Source of heading or term armarc
Topical term or geographic name entry element NIños
Form subdivision Novela
651 #4 - SUBJECT ADDED ENTRY--GEOGRAPHIC NAME
Geographic name Lisbon (Portugal)
Form subdivision Novela juvenil
830 #3 - SERIES ADDED ENTRY--UNIFORM TITLE
Uniform title El barco de vapor
Name of part/section of a work Roja
Volume/sequential designation 54 M
942 ## - ADDED ENTRY ELEMENTS (KOHA)
Source of classification or shelving scheme Dewey Decimal Classification
Koha item type Libro
Classification part 863
Item part B2654
Existencias
Withdrawn status Lost status Source of classification or shelving scheme Damaged status Not for loan Collection code Home library Current library Shelving location Date acquired Source of acquisition Total Checkouts Full call number Barcode Date last seen Price effective from Koha item type
    Dewey Decimal Classification     Infantil Biblioteca Karol Wojtyla Biblioteca Karol Wojtyla Área de silencio 03/12/2013 Compra   863 B2654 2012 63982 24/04/2026 03/12/2013 Libro infantil